| 000 | 00475nam a2200181Ia 4500 | ||
|---|---|---|---|
| 003 | OSt | ||
| 005 | 20230517143201.0 | ||
| 008 | 210423s1985 xx 000 0 und d | ||
| 040 | _cAL | ||
| 041 | _aeng | ||
| 082 |
_a370 _223 _bPANS |
||
| 100 |
_aPANDEY (B N);KHOSH (D N). _9106895 |
||
| 245 | _aStudent teaching and evaluation. | ||
| 260 |
_aNew Delhi _bNew American Library _c1985 |
||
| 365 |
_b10 _cINR |
||
| 906 | _aevaluation. ; Student ; teaching | ||
| 942 |
_2ddc _cBK |
||
| 999 |
_c172347 _d172347 |
||